Music Pieces by Century - Statistics

General Stats
  • This quiz has been taken 5 times
  • The average score is 12 of 15
Answer Stats
Hint Answer % Correct
Greensleeves 16th Century
100%
Ride of the Valkyries 19th Century
100%
Can-Can 19th Century
100%
Canon in D Major 17th Century
80%
The Four Seasons 18th Century
80%
In the Hall of the Mountain King 19th Century
80%
Für Elise 19th Century
80%
The Entertainer 20th Century
80%
Never Gonna Give You Up 20th Century
80%
Seikilos Epitaph c. 1st/2nd Century BCE
80%
Salve Regina 11th Century
60%
La Spagna (Danza Alta) 15th Century
60%
Miserere 17th Century
60%
Sing Sing Sing 20th Century
60%
Hurrian Hymn #6 to Nikkal c. 14th/15th Century BCE
60%
No matching quizzes found
Score Distribution
Percent of People with Each Score
Percentile by Number Answered
Your Score History
You have not taken this quiz